Tax law review

Detalles Bibliográficos
Autor Corporativo: New York University. School of Law
Formato: Desconocido
Lenguaje:inglés
Publicado: New York : New York University School of Law
Materias:
Acceso en línea:Acceso restringido

MARC

LEADER 00000ny a22000003n 4500
005 20110512143148.0
008 751101c19uu9999us qr p s g 0 a0eng
022 0 |a 0040-0041 
035 |a 4050 
040 |a UCA  |d vLex 
090 |c 1805  |d 1805 
245 0 0 |a Tax law review  |h [Recurso electrn̤ico] 
256 |a Servicio en ln̕ea 
260 |a New York :  |b New York University School of Law 
310 |a Frecuencias varias 
506 1 |a Contenido solo disponible en los productos indicados  |d vLex Global  |d vLex Global (Academic Edition, excluding Law Schools)  |d vLex Global (U.S. Academic Edition, excluding Law Schools) 
650 0 4 |a Taxes  |2 Tesauro vLex 
710 2 |a New York University.  |b School of Law 
740 |a vLex Revista (Servicios en ln̕ea) 
843 |a Electrn̤ica. Cerrada 
853 |8 1  |i (year)  |j (month)  |k (day) 
856 4 0 |u http://vlex.com/source/4050  |z Acceso restringido 
942 |c REV